Регионална библиотека "Любен Каравелов" - Русе

Театральное наследие (Запис номер 420491)

MARC детайли
000 -Лидер
Контролно поле с фиксирана дължина nam a22 a 4500
003 - Код на организацията, давaща контролен номер
Контролно поле BLK
005 - Дата и час на последна редакция
Контролно поле 20210618111833.0
008 - Елементи от данни с фиксирана дължина
fixed length control field 210618b bu |||||r|||| 00| 0 bu d
040 ## - Източник на каталожния запис
Идентификатор на билиотеката - собственик на записа BLK
041 ## - Код за език
Код за езика на текст/звукозапис или на отделно заглавие Руски
Код за езика КДБФ Руски
080 ## - УДК
Текстов определител УДК Театър. Сценично изкуство. Вж 725.82; 782; 82-2
УДК код - определител по УДК 792
УДК - код + определител 792
100 ## - Редна дума - Автор
R(LIN) 306125
Автор Немирович-Данченко, Владимир Иванович
Авторска отговорност първи автор
139 ## - Редно поле
Редна дума Немирович-Данченко, Владимир Иванович
245 ## - Сведения за заглавието
Заглавие Театральное наследие
Редно поле (дума) Владимир Иванович Немирович-Данченко, сост., ред. и авт. примеч. В. Я. Виленкин
Том Т.2
Заглавие на том Избранные письма
Подзаглавни данни Т.2
260 ## - Област на издателските данни
9 (RLIN) 210588
Място на издаване, разпространение и проч. Москва
Име на издателя, разпространителя и проч. Искусство
Година на издаване 1954
300 ## - Физическа характеристика
Размери/Мащаб 23см
380 ## - Жанр
Жанр Изкуство
650 #0 - Допълнително описание по предмет – тема
9 (RLIN) 350505
Основно описание – тема или топоним Театър, руски
653 #7 - Ключова дума – ненормативна
9 (RLIN) 193794
Ключова дума писма
760 ## - Описание на основната серия
Редна дума на основното описание Немирович-Данченко, Владимир Иванович
Място на издаване, издател и година Москва : Искусство, 1954
Страници - том 640 с., 20 л. ил.
Част - том Т.2
Заглавие Избранные письма
852 ## - Местоположение
Форматна сигнатура Цб 7.225.41690
Фондова буква Основен фонд - ползва се само за читалня
999 ## - СИСТЕМНИ КОНТРОЛНИ НОМЕРА
Koha biblionumber 420491
Koha biblioitemnumber 420491
942 ## - АРТИКУЛИ
Вид на библиотечния материал Книги
Скрит в OPAC Не
Периодичен библиозапис Да
944 ## - СЪЗДАВАНЕ И РЕДАКЦИЯ на ЗАПИСА
Създаване/Редакция Създаване
Дата на регистрацията/редакция 2021-06-18
Служител, извършил регистрацията/редакцията Микаела Микова-Илиева
Статус, дата на статуса 2021-06-18
999 ## - СИСТЕМНИ КОНТРОЛНИ НОМЕРА
Koha biblioitemnumber 420491
999 ## - СИСТЕМНИ КОНТРОЛНИ НОМЕРА
Koha biblioitemnumber 420491
Наличности
Код за отписване Код за изгубен артикул Източник на класификационната схема Код за повреда Коз за рестрикции Код за отдаване Артикулен № Име на библиотеката - собственик Име на библиотеката, в която се намира в момента Статус (Текущо местоположение) Дата на вписване в системата Местоположение - отдел Цена в лева Инвентарен номер Систематично азбучна сигнатура Баркод Цена в евро Служебен тип на артикула
  Не е изгубен Universal Decimal Classification Не е повреден само за читалня ползва се в читалня 838595 Регионална библиотека "Любен Каравелов" Русе Регионална библиотека "Любен Каравелов" Русе Хранилище 2021-06-21 Основен фонд - ползва се само за читалня 1.43 3321/55 Цб 7.225.41690 900000064870 0.73 Книги
Vip Innovations Ltd, Rousse, Bulgaria 2025